| Tag |
First Indicator |
Second Indicator |
Subfields |
| LEADER |
00000ccm a2200000 a 4500 |
| 001 |
in00001242003 |
| 005 |
20151003072521.0 |
| 008 |
740718n19001989enkcob n ]]N/A d |
| 028 |
2 |
2 |
|a E.E. 6029
|b E. Eulenburg
|
| 028 |
3 |
0 |
|a 714
|b E. Eulenburg
|
| 035 |
|
|
|a (OCoLC)00950829
|
| 035 |
|
|
|9 AGT6712AM
|
| 040 |
|
|
|a CIN
|c CIN
|d OCL
|d RES
|d TXA
|d UtOrBLW
|
| 045 |
0 |
|
|b d1866
|
| 048 |
|
|
|b sa01
|b oa
|
| 049 |
|
|
|a TXAM
|
| 090 |
|
|
|a M1012.B87
|b op.26 1900z
|
| 100 |
1 |
|
|a Bruch, Max,
|d 1838-1920.
|
| 240 |
1 |
0 |
|a Concertos,
|m violin, orchestra,
|n no. 1, op. 26,
|r G minor
|
| 245 |
1 |
0 |
|a Concerto for violin and orchestra :
|b (Vorspiel, Adagio und Finale), op. 26 /
|c by Max Bruch.
|
| 264 |
|
1 |
|a London :
|b E. Eulenburg ;
|a New York :
|b Edition Eulenburg,
|c [between 1900 and 1999]
|
| 300 |
|
|
|a 1 miniature score (98 pages) ;
|c 19 cm.
|
| 336 |
|
|
|a notated music
|b ntm
|2 rdacontent
|
| 337 |
|
|
|a unmediated
|b n
|2 rdamedia
|
| 338 |
|
|
|a volume
|b nc
|2 rdacarrier
|
| 500 |
|
|
|a Publisher's number: Edition Eulenburg, number 714.
|
| 500 |
|
|
|a Copyright by C.F. Peters, Leipzig, and incorporated in the Eulenburg Edition by permission.
|
| 518 |
|
|
|a First performed 24th April, 1866, at Koblenz by O. von Konigslow, Bruch conducting.
|
| 536 |
|
|
|a From the Edward O.D. Downes Collection.
|
| 650 |
|
0 |
|a Concertos (Violin)
|v Scores.
|
| 650 |
|
0 |
|a Violin with orchestra
|v Scores.
|
| 999 |
|
|
|a MARS
|
| 999 |
f |
f |
|s 1ebfc6d1-c772-3aa0-9f8e-6bb8c0b32b1c
|i 728f0911-c5e0-38de-8f02-e056945bd315
|t 0
|
| 952 |
f |
f |
|p ric
|a Texas A&M University
|b Rellis Campus
|c Joint Library Facility
|d Remote Storage
|t 0
|e M1012.B87 op.26 1900z
|h Library of Congress classification
|i unmediated -- volume
|m A14830840615
|
| 998 |
f |
f |
|a M1012.B87 op.26 1900z
|t 0
|l Remote Storage
|